000 00189nam a2200085 4500
001 1258249
005 20260303110206.0
245 _aÇÖP PLAZA 1
_cMİYASE SERTBARUT
260 _bTUDEM YAYINLARI
999 _c1258249
_d1258249